English Words with the Greatest Proportion of a Single Letter (A-Z) - Statistics

General Stats
  • This quiz has been taken 144 times
  • The average score is 13 of 26
Answer Stats
Definition Letter Proportion Word % Correct
British for a police officer. B 3/5 B{obby}
91%
A child's nurse or caregiver. N 3/5 N{anny}
86%
A young domestic dog. P 3/5 P{uppy}
86%
British for a piece of hard candy. L 3/5 L{olly}
85%
A body embalmed or treated for burial with preservatives in the manner of the ancient Egyptians. M 3/5 M{ummy}
83%
A religion that is derived from African polytheism and ancestor worship and is practiced chiefly in Haiti. O 4/6 V{oodoo}
78%
Seldom occurring or found; Cooked so that the inside is still red. (comparative degree) R 3/5 R{arer}
77%
To make a copy on a copier. X 2/5 X{erox}
74%
To make a judgement about something; to tax or charge someone or something. S 4/6 A{ssess}
68%
Very bright in color. V 2/5 V{ivid}
66%
An American Indian social gathering or fair usually including competitive dancing. W 3/6 P{owwow}
62%
The wispy seeds of a dandelion. F 3/5 F{luff}
61%
The quality of being exciting or attractive. Z 4/7 P{izzazz}
61%
Rather worn, frayed, or dilapidated. T 3/5 T{atty}
61%
One who has made a pilgrimage to Mecca. J 2/5 H{ajji}
58%
A small child; An age-specific level of youth sports. E 4/6 P{eewee}
50%
A loose often long dress having bright colors and patterns and adapted from the dresses originally distributed by missionaries to the native women of Hawaii U 4/6 M{uumuu}
48%
The concentrated resin from the flowering tops of female hemp plants. H 3/7 H{ashish}
33%
A hot spiced wine and liquor punch served in Scandinavian countries as a Christmas drink. G 3/5 G{logg}
19%
Without horns (as in cattle). D 4/6 D{odded}
18%
A bacterium of a spherical shape. C 4/6 C{occic}
15%
The nearly straight-line configuration of three celestial bodies (such as the sun, moon, and earth during a solar or lunar eclipse) in a gravitational system Y 3/6 S{yzygy}
13%
An Egyptian and Middle Eastern condiment consisting of a mixture of herbs, nuts and spices. Q 2/5 D{uqqa}
11%
A small bittern of Guam. K 4/6 K{akkak}
6%
In New Zealand, another name for Trevally - any of various marine food and game fishes. A 4/6 A{raara}
4%
The plural of an Hawaiian honeycreeper with chiefly bright vermilion plumage formerly used in making feather cloaks. I 3/5 I{iwis}
4%
No matching quizzes found
Score Distribution
Percent of People with Each Score
Percentile by Number Answered
Your Score History
You have not taken this quiz